000 01602cam a2200253 4500
001 ABS67167
008 031029n2003 000 0 eng u
035 _a(Sirsi) u124156
100 _aJones, R.
245 _aOpportunity crocked
260 _c2003
490 _aHouse Builder
_v62(9) October 2003, 21(1)
520 _aCriticises RICS' submission to the Barker review of housing supply particularly in respect of its understanding of land banks. Proposes that, faced by restrictive planning and the slowness of the plan-led system, the industry has of necessity sought to protect its future output by acquiring land in advance. Questions RICS' espousal of the ODPM's argument that land optioning holds up development, and RICS' statement that house builders prefer greenfield sites to brownfield sites. Argues that RICS' contention that estates of executive homes are more profitable than high-density apartments, is untrue. Counters the RICS view that there would have to be a sharp increase in house supply over at least a decade for increased housing to have an impact on house prices, with the view that sharp increases in house prices are inevitable because supply has been adversely constrained for a decade or more.
590 _aABS
650 _aLAND BANKS
650 _aLAND OPTIONS
650 _aBARKER REVIEW OF HOUSING SUPPLY: SECURING OUR FUTURE HOUSING NEEDS
650 _aRICS
650 _aPLANNING RESTRICTIONS
650 _aHOUSE BUILDING INDUSTRY
650 _aHOUSING SUPPLY
690 _aPROPERTY-RESIDENTIAL PROPERTY-RESIDENTIAL PROPERTY MARKET
942 _n0
999 _c73692
_d73692